000 00421cam a2200181 4500
001 D5642
008 090401t1968 xxu||||| |||| 00| 0 eng d
035 _a(Sirsi) u62029
041 _aeng
050 _a526.90601
100 _aHollwey, John Richard
245 _aOrganisations for land surveying
260 _aLondon
_bFIG/RICS
_c1968
300 _a19p. 30cm
350 _a0.25
942 _n0
948 _c04/03/1997
999 _c94367
_d94367